| 000 -CABECERA |
| campo de control de longitud fija |
01138nam a2200217 4500 |
| 005 - FECHA Y HORA DE LA ÚLTIMA TRANSACCIÓN |
| campo de control |
20210511201622.0 |
| 008 - DATOS DE LONGITUD FIJA--INFORMACIÓN GENERAL |
| campo de control de longitud fija |
210511s1982 mx |||fr|||| 001 0 spa d |
| 020 ## - NÚMERO INTERNACIONAL ESTÁNDAR DEL LIBRO |
| ISBN |
9682303567 |
| 040 ## - FUENTE DE LA CATALOGACIÓN |
| Centro catalogador/agencia de origen |
CENDOC CAAAP |
| Lengua de catalogación |
spa |
| Centro/agencia transcriptor |
CAAAP |
| 041 ## - CÓDIGO DE LENGUA |
| Código de lengua del texto/banda sonora o título independiente |
spa |
| 050 ## - SIGNATURA TOPOGRÁFICA DE LA BIBLIOTECA DEL CONGRESO |
| Número de clasificación |
GN 4482 |
| Número de documento/Ítem |
.M38 |
| 100 1# - ENTRADA PRINCIPAL--NOMBRE DE PERSONA |
| 9 (RLIN) |
2792 |
| Nombre personal |
Meillassoux, Claude |
| 245 1# - MENCIÓN DE TÍTULO |
| Título |
Mujeres, graneros y capitales : |
| Subtitulo |
economía doméstica y capitalismo / |
| Mención de responsabilidad, etc. |
Claude Meillassoux |
| 250 ## - MENCIÓN DE EDICIÓN |
| Mención de edición |
5ta ed. |
| 260 ## - PUBLICACIÓN, DISTRIBUCIÓN, ETC. |
| Lugar de publicación, distribución, etc. |
México D.F.: |
| Nombre del editor, distribuidor, etc. |
Siglo Veintiuno, |
| Fecha de publicación, distribución, etc. |
1982 |
| 300 ## - DESCRIPCIÓN FÍSICA |
| Extensión |
235 p. |
| 505 ## - NOTA DE CONTENIDO CON FORMATO |
| Nota de contenido con formato |
Contiene : Introducción -- La comunidad doméstica -- La dialéctica de la igualdad -- ¿Quiénes son los explotados? -- Contradicciones y contactos: las premisas dela desigualdad -- La explotación de la comunidad doméstica: el imperialismo como modo de producción de mano de obra barata -- Las paradojas de la explotación colonial -- Salarios directos, salarios indirectos -- La acumulación originaria -- Sin techo: el éxodo rural -- El eterno retorno al país natal : las migraciones temporarias -- Conclusiones. |
| 650 10 - PUNTO DE ACCESO ADICIONAL DE MATERIA--TÉRMINO DE MATERIA |
| 9 (RLIN) |
719 |
| Término de materia o nombre geográfico como elemento de entrada |
Mujeres |
| 650 20 - PUNTO DE ACCESO ADICIONAL DE MATERIA--TÉRMINO DE MATERIA |
| 9 (RLIN) |
1031 |
| Término de materia o nombre geográfico como elemento de entrada |
Trabajo |
| 942 ## - ELEMENTOS PERSONALIZADOS KOHA |
| Fuente del sistema de clasificación o colocación |
|
| Fecha de catalogación |
11 - 05 - 21 |
| Tipo de ítem Koha |
Libros |